00598 2200217 4500001002100000005001500021035002000036007000300056008004100059020001800100082000800118084001500126100001100141245007900152260004500231300003200276650002100308700002700329990001200356990001200368INLIS00000000000179320180321104332 a0010-0318000136ta180321 g 0 ind  a9786020333724 a745 a745 IND k0 aINDIRA1 aKreasi Cantik Hiasan Boneka Perca /cIndira; editor, Petra Aquina Budiarti aJakarta :bGramedia Pustaka Utama,c2016 a101 hlm. :bilus. ;c23 cm. aKERAJINAN TANGAN0 aPETRA, Aquina Budiarti a16798 a a16798 b